Conferencia de prensa sobre Aldeas Infantiles S.O.S.
Publicado:
San Jorge, núm. 88 (4t trimestre 1972), pàg 72 :
MARC
| LEADER | 00000nam a2200000Ia 4500 | ||
|---|---|---|---|
| 001 | |||
| 008 | 160829s9999 xx 000 0 cat d | ||
| 245 | |a Conferencia de prensa sobre Aldeas Infantiles S.O.S. | ||
| 260 | |a San Jorge, núm. 88 (4t trimestre 1972), pàg 72 | ||
| 650 | |a Aldeas Infantiles SOS |9 41846 | ||
| 650 | 0 | |a Infants |x Protecció, assistència, etc. |9 41847 | |
| 650 | 0 | |a Congressos i conferències |9 48301 | |
| 901 | |a Arxiu | ||
| 942 | |n 1 | ||
| 952 | |0 0 |1 0 |4 0 |7 1 |9 50508 |a Arxiu |b Arxiu |d 2016-12-01 |l 0 |r 2016-12-01 00:00:00 |w 2016-12-01 |y ARXIU | ||
| 999 | |c 54350 |d 54350 | ||